|
|
|
|
| LEADER |
00000nab a2200000 a 4500 |
| 001 |
vtls000775248 |
| 003 |
SK-MaSNL |
| 005 |
20260303214904.0 |
| 008 |
140328c2001 xo 0 slo |
| 015 |
|
|
|a SNBRB2001/11-33241
|
| 035 |
|
|
|a CLN000127035
|
| 040 |
|
|
|a SNKBUCL
|b slo
|c SNKBUCL
|e AACR2
|
| 041 |
0 |
|
|a slo
|
| 044 |
|
|
|a xo
|c SK
|
| 080 |
|
|
|a 699.86
|2 1997
|
| 080 |
|
|
|a 665.9
|2 1997
|
| 100 |
1 |
|
|a Šlopková, Katarína,
|d 1943-
|4 aut
|9 39399
|
| 245 |
1 |
0 |
|a Nové hydroizolačné materiál
|c Katarína Šlopková
|
| 300 |
|
|
|b Fotogr.
|
| 650 |
0 |
7 |
|a materiály hydroizolačné
|2 snkbucl
|9 868889
|
| 655 |
|
7 |
|a články z novín a časopisov
|2 snkbucl
|9 267496
|
| 773 |
0 |
|
|t Eurostav
|g Roč. 7, č. 6 (2001), s. 37
|x 1335-1249
|
| 850 |
|
|
|a Slovenská národná knižnica v Martine
|
| 852 |
|
|
|a SNK
|b KIS3GCP
|
| 992 |
|
|
|a RBX
|
| 999 |
|
|
|c 2219157
|d 2221087
|